| 000 | 00850nam a2200217Ii 4500 | ||
|---|---|---|---|
| 003 | JO-AjNU | ||
| 008 | 230605s9999||||xx |||||||||||||| ||und|| | ||
| 017 | _a2010/12/4733 | ||
| 040 |
_aJO-AjNU _bara _erda _cJO-AjNU |
||
| 041 | _aara | ||
| 050 | 1 | 4 | _aLB1590.3 2010 |
| 100 | 3 |
_aالفريح،علي أحمد العبدي, _eauthor _931690 |
|
| 245 | 0 | 0 | _aإستراتيجيات التعليم الحديثة في المراكز الريادية وأثرها على التفكير الإبداعي عند الطلبة |
| 250 | _aط1 | ||
| 264 | 3 | 1 | _aعمان:المؤلف،2010 |
| 300 | _a167ص | ||
| 336 |
_atext _btxt _2rdacontent |
||
| 337 |
_aunmediated _bn _2rdamedia |
||
| 338 |
_avolume _bnc _2rdacarrier |
||
| 650 | 4 |
_aالتفكير-طرق التدريس. العلوم-طرق التدريس. التفكير الإبتكاري _931691 |
|
| 999 |
_aA12704 _c16272 _d16272 |
||